| 000 | 00527nam a2200181 i 4500 | ||
|---|---|---|---|
| 001 | 17669 | ||
| 003 | ES-MaACL | ||
| 005 | 20230906151634.0 | ||
| 007 | t| | ||
| 008 | 010423s2000 sp ||||1| spa d | ||
| 080 | _a821.134.2-34"19" | ||
| 100 | 1 |
_aSánchez Alonso, Fernando. _9102448 |
|
| 245 | 1 | 0 |
_aHuésped de un tiempo ido / _cFernando Sánchez Alonso. |
| 260 |
_a[Segorbe] : _bFundación Max Aub, _c[2000] |
||
| 300 |
_a20 p. ; _c15 cm. |
||
| 710 | 2 |
_aFundación Max Aub. _94367 |
|
| 852 |
_aES-MaACL _j2162-F-4 _bR.128954 |
||
| 999 |
_c17669 _d17669 |
||